Xây dựng công cụ ngăn chặn việc truy cập web đen (hình ảnh, nội dung) : Luận văn Thạc sĩ Công nghệ Thông tin. Ngành Hệ thống Thông tin

Công cụ lọc web được sử dụng để ngăn chặn việc truy cập đến các trang web đen và công cụ này có thể cấm người dùng truy cập đến trang web có nội dung văn bản không mong muốn hoặc lọa bỏ các hình ảnh không mong muốn khi hiển thị web lên trì...

Disgrifiad llawn

Wedi'i Gadw mewn:
Manylion Llyfryddiaeth
Prif Awdur: Huỳnh, Bé Thơ
Fformat: Llyfr
Iaith:Undetermined
Cyhoeddwyd: Cần Thơ Trường Đại học Cần Thơ 2013
Pynciau:
Tagiau: Ychwanegu Tag
Dim Tagiau, Byddwch y cyntaf i dagio'r cofnod hwn!
Thư viện lưu trữ: Trung tâm Học liệu Trường Đại học Cần Thơ
LEADER 01209nam a2200217Ia 4500
001 CTU_185242
008 210402s9999 xx 000 0 und d
082 |a 006.76 
082 |b Th460 
088 |a 60480104 
100 |a Huỳnh, Bé Thơ 
245 0 |a Xây dựng công cụ ngăn chặn việc truy cập web đen (hình ảnh, nội dung) : 
245 0 |b Luận văn Thạc sĩ Công nghệ Thông tin. Ngành Hệ thống Thông tin 
245 0 |c Huỳnh Bé Thơ ; Trương Quốc Định (người hướng dẫn khoa học) 
260 |a Cần Thơ 
260 |b Trường Đại học Cần Thơ 
260 |c 2013 
520 |a Công cụ lọc web được sử dụng để ngăn chặn việc truy cập đến các trang web đen và công cụ này có thể cấm người dùng truy cập đến trang web có nội dung văn bản không mong muốn hoặc lọa bỏ các hình ảnh không mong muốn khi hiển thị web lên trình duyệt. 
650 |a Web filtering,Công cụ lọc Web 
904 |i Trúc 
980 |a Trung tâm Học liệu Trường Đại học Cần Thơ